00426 2200169 4500001002100000008004100021035002000062245004600082250001000128260003700138300001400175020001800189084001600207082001000223650001000233990001300243INLIS000000000000442 ind  a0010-0921000442 aMaafkan Haruna BundacAlifah Rahma Bening aCet:1 aBandungbmizan media utamac2019 a95c21 cm a9786023677887 a741.3 ALI m a741.3 aKomik aDI. 2609